[Event "ENCI Limburg-open A"]
[Site "Maastricht"]
[Date "2012.05.27"]
[Round "4"]
[White "Van den Ouden, Lendert"]
[Black "Akstinat, Sven Holger"]
[Result "0-1"]
[WhiteElo "1990"]
[BlackElo "2122"]
[PlyCount "122"]
[EventDate "2012.05.25"]
[EventType "swiss"]
[EventRounds "7"]
[EventCountry "NED"]
[Source "P.Boonen"]
[SourceDate "2013.01.01"]

1. Nf3 d5 2. d4 c6 3. c4 Nf6 4. Qc2 g6 5. Bf4 Bg7 6. e3 O-O 7. Nc3 Na6 8. Be2
Nc7 9. O-O Ne6 10. Be5 Ne8 11. Bxg7 Kxg7 12. cxd5 cxd5 13. Qb3 N6c7 14. Ne5 Qd6
15. Bf3 e6 16. Rac1 Nf6 17. Rc2 Bd7 18. Rfc1 Rfc8 19. Ne2 b6 20. Nf4 Nce8 21.
Nfd3 Rxc2 22. Rxc2 Rc8 23. Nxd7 Qxd7 24. Ne5 Qb7 25. Rc3 Nd7 26. Nd3 Nd6 27.
Qc2 Rxc3 28. Qxc3 Qc8 29. Qxc8 Nxc8 30. Bd1 Nd6 31. Ba4 b5 32. Bd1 Kf8 33. Kf1
Ke7 34. Ke1 Kd8 35. Bf3 Kc7 36. Kd2 Nc4+ 37. Kc3 a5 38. b3 b4+ 39. Kc2 Na3+ 40.
Kb2 Kb6 41. Kc1 Nb5 42. Kb2 Kc7 43. Be2 Kc6 44. Bf3 Kd6 45. Kc2 f6 46. Be2 Nc3
47. Nc1 e5 48. a4 Nb8 49. Bg4 Nc6 50. Kd3 Ne4 51. Bc8 Nxf2+ 52. Ke2 Ne4 53. Kd3
Nc3 54. Bb7 Kc7 55. Bxc6 Kxc6 56. Ne2 Nxe2 57. Kxe2 Kd6 58. Kf3 Ke6 59. g4 h6
60. Kg3 f5 61. Kf3 Kf6 0-1

[Event "ENCI Limburg-open A"]
[Site "Maastricht"]
[Date "2012.05.27"]
[Round "5"]
[White "Bekker, Stefan"]
[Black "Berg, Emanuel"]
[Result "1/2-1/2"]
[WhiteElo "2175"]
[BlackElo "2587"]
[PlyCount "125"]
[EventDate "2012.05.25"]
[EventType "swiss"]
[EventRounds "7"]
[EventCountry "NED"]
[Source "P.Boonen"]
[SourceDate "2013.01.01"]

1. e4 c5 2. Nf3 e6 3. b3 a6 4. Bb2 Nc6 5. c4 d6 6. d4 cxd4 7. Nxd4 Nf6 8. Nxc6
bxc6 9. e5 Ne4 10. Bd3 Qa5+ 11. Kf1 d5 12. Bxe4 dxe4 13. Nd2 e3 14. Ne4 Bb7 15.
Bc3 Qb6 16. Qd4 Qxd4 17. Bxd4 exf2 18. Kxf2 c5 19. Nxc5 O-O-O 20. Ke3 Bxg2 21.
Rhg1 Bc6 22. Raf1 g6 23. Rxf7 Bh6+ 24. Kd3 Rxd4+ 25. Kxd4 Rd8+ 26. Kc3 Bd2+ 27.
Kb2 Be3 28. Nxe6 Bxg1 29. Rc7+ Kb8 30. Rxc6 Rd2+ 31. Ka3 Bxh2 32. Ng5 Bxe5 33.
Nxh7 Kb7 34. Rxg6 Bd6+ 35. b4 a5 36. c5 axb4+ 37. Kxb4 Bxc5+ 38. Kxc5 Rc2+ 39.
Kb5 Rb2+ 40. Kc4 Rxa2 41. Nf6 Ra1 42. Nd5 Rc1+ 43. Kb5 Rb1+ 44. Kc5 Rc1+ 45.
Kd4 Re1 46. Rb6+ Kc8 47. Kc5 Kd7 48. Rb7+ Ke8 49. Kd6 Kf8 50. Nf4 Rd1+ 51. Ke6
Re1+ 52. Kf6 Ke8 53. Nd3 Rd1 54. Re7+ Kd8 55. Ne5 Rd6+ 56. Kf7 Kc8 57. Nc4 Rc6
58. Re8+ Kc7 59. Ne5 Rh6 60. Kg7 Rh1 61. Re6 Rf1 62. Nf7 Kd7 63. Re2 1/2-1/2

[Event "ENCI Limburg-open A"]
[Site "Maastricht"]
[Date "2012.05.27"]
[Round "5"]
[White "Beukema, Stefan"]
[Black "Schoorl, Rob"]
[Result "0-1"]
[WhiteElo "2292"]
[BlackElo "2317"]
[PlyCount "80"]
[EventDate "2012.05.25"]
[EventType "swiss"]
[EventRounds "7"]
[EventCountry "NED"]
[Source "P.Boonen"]
[SourceDate "2013.01.01"]

1. e4 e5 2. Nf3 Nc6 3. d4 exd4 4. Nxd4 g6 5. Nxc6 bxc6 6. Qd4 Qf6 7. e5 Qe6 8.
Nd2 Bg7 9. f4 Ne7 10. Nf3 O-O 11. Bd3 d6 12. O-O c5 13. Qc3 Nd5 14. Qa3 Nb4 15.
Ng5 Qe7 16. Be3 a5 17. Rfe1 d5 18. Rad1 c4 19. Bf1 c5 20. Rd2 Bf5 21. Rc1 Rfc8
22. g3 h6 23. Nf3 Be4 24. Ne1 f6 25. Bh3 Rd8 26. exf6 Qxf6 27. c3 d4 28. Bf2
Qc6 29. Bf1 d3 30. b3 Nc2 31. Nxc2 Bxc3 32. Rdd1 dxc2 33. Rxd8+ Rxd8 34. bxc4
Bd2 35. Ra1 Qf6 36. Qxc5 Qxa1 37. Qb6 Qxf1+ 38. Kxf1 c1=Q+ 39. Ke2 Qxc4+ 40.
Kd1 Bc2# 0-1

[Event "ENCI Limburg-open A"]
[Site "Maastricht"]
[Date "2012.05.27"]
[Round "5"]
[White "Brustkern, Juergen"]
[Black "Goes, Sten"]
[Result "1/2-1/2"]
[WhiteElo "2244"]
[BlackElo "2147"]
[PlyCount "83"]
[EventDate "2012.05.25"]
[EventType "swiss"]
[EventRounds "7"]
[EventCountry "NED"]
[Source "P.Boonen"]
[SourceDate "2013.01.01"]

1. e4 c5 2. c3 Nf6 3. e5 Nd5 4. d4 cxd4 5. Nf3 e6 6. cxd4 d6 7. Bc4 Be7 8. O-O
Nc6 9. Qe2 O-O 10. Nc3 Nxc3 11. bxc3 dxe5 12. dxe5 Qa5 13. Bd2 Rd8 14. Rfd1 b6
15. Bd3 Bb7 16. Qe4 g6 17. c4 Qa3 18. Bh6 Rd7 19. Qe2 Rad8 20. Be4 Qa4 21. Rxd7
Rxd7 22. h4 b5 23. Rc1 b4 24. h5 Qa5 25. c5 Qd8 26. Qc4 Rd1+ 27. Kh2 Rxc1 28.
Qxc1 Qc7 29. Qf4 f5 30. hxg6 hxg6 31. Qg3 Kf7 32. Bc2 Qb8 33. Bg5 Qh8+ 34. Kg1
Qh5 35. Bxe7 Kxe7 36. Qf4 Qg4 37. Qd2 Nd4 38. Qxd4 Bxf3 39. Qd6+ Kf7 40. Qd7+
Kf8 41. Qd8+ Kg7 42. Qf6+ 1/2-1/2

[Event "ENCI Limburg-open A"]
[Site "Maastricht"]
[Date "2012.05.27"]
[Round "5"]
[White "Bus, Tom"]
[Black "Woestenburg, Jochem"]
[Result "1/2-1/2"]
[WhiteElo "2138"]
[BlackElo "2092"]
[PlyCount "82"]
[EventDate "2012.05.25"]
[EventType "swiss"]
[EventRounds "7"]
[EventCountry "NED"]
[Source "P.Boonen"]
[SourceDate "2013.01.01"]

1. c4 f5 2. g3 Nf6 3. Bg2 e6 4. Nf3 d6 5. O-O Be7 6. d4 O-O 7. Nc3 Qe8 8. Re1
Qh5 9. e4 fxe4 10. Nxe4 Nxe4 11. Rxe4 Nc6 12. Qe2 e5 13. d5 Nd8 14. Nd2 Qg6 15.
Re3 Bg5 16. Rc3 b6 17. Ne4 Bxc1 18. Raxc1 Nf7 19. b4 a5 20. Ra3 Nh6 21. c5 Nf5
22. Qd2 Nd4 23. cxb6 cxb6 24. bxa5 Bg4 25. Rc7 Bf3 26. Bxf3 Rxf3 27. Re3 bxa5
28. Kg2 Raf8 29. Rcc3 R3f7 30. Ra3 Nf5 31. Re2 Nh4+ 32. Kf1 Nf3 33. Qxa5 Nxh2+
34. Kg2 Nf3 35. Qa6 Nd4 36. Re1 Nf5 37. Rd3 Nh4+ 38. Kf1 Nf5 39. Kg2 Qh6 40.
Rh1 Qg6 41. Re1 Qg4 1/2-1/2

[Event "ENCI Limburg-open A"]
[Site "Maastricht"]
[Date "2012.05.27"]
[Round "5"]
[White "Clemens, Adrian HP"]
[Black "Kangas, Lauri"]
[Result "1-0"]
[WhiteElo "2245"]
[BlackElo "2027"]
[PlyCount "53"]
[EventDate "2012.05.25"]
[EventType "swiss"]
[EventRounds "7"]
[EventCountry "NED"]
[Source "P.Boonen"]
[SourceDate "2013.01.01"]

1. d4 d5 2. c4 e6 3. Nf3 Nf6 4. g3 Nbd7 5. Bg2 b6 6. cxd5 exd5 7. O-O Bb7 8.
Nc3 Be7 9. Bf4 a6 10. Qa4 Rc8 11. Rfd1 O-O 12. Ne5 b5 13. Qc2 c5 14. Nxd7 cxd4
15. Nxf8 dxc3 16. Nxh7 Nxh7 17. bxc3 b4 18. c4 Qa5 19. Qf5 Bf6 20. Bxd5 Rc5 21.
Rab1 Bxd5 22. cxd5 Qa4 23. Be3 g6 24. Qe4 Rc2 25. Rxb4 Qxa2 26. Qe8+ Kg7 27.
Rb7 1-0

[Event "ENCI Limburg-open A"]
[Site "Maastricht"]
[Date "2012.05.27"]
[Round "5"]
[White "Coenen, Michael"]
[Black "Dijkhuis, Tycho"]
[Result "0-1"]
[WhiteElo "2306"]
[BlackElo "1968"]
[PlyCount "64"]
[EventDate "2012.05.25"]
[EventType "swiss"]
[EventRounds "7"]
[EventCountry "NED"]
[Source "P.Boonen"]
[SourceDate "2013.01.01"]

1. e4 c5 2. Nf3 d6 3. d4 cxd4 4. Nxd4 Nf6 5. Nc3 a6 6. Be3 Ng4 7. Bg5 h6 8. Bc1
Nf6 9. f3 e6 10. Be3 b5 11. a3 Bb7 12. Qd2 Nbd7 13. O-O-O d5 14. exd5 Nxd5 15.
Nxd5 Bxd5 16. Ne2 b4 17. axb4 Rb8 18. c3 Qc8 19. Nf4 Bb3 20. Bxa6 Qc7 21. Qd3
Bxd1 22. Rxd1 Bxb4 23. Bb5 Bd6 24. Nh5 Ke7 25. Bxd7 Qxd7 26. Nxg7 Rhd8 27. Bxh6
Qa4 28. Kb1 Rxb2+ 29. Kxb2 Ba3+ 30. Ka1 Rxd3 31. Rxd3 Bc1+ 32. Kb1 Bxh6 0-1

[Event "ENCI Limburg-open A"]
[Site "Maastricht"]
[Date "2012.05.27"]
[Round "5"]
[White "Dambacher, Martijn"]
[Black "Knol, Geon"]
[Result "1-0"]
[WhiteElo "2484"]
[BlackElo "2130"]
[PlyCount "21"]
[EventDate "2012.05.25"]
[EventType "swiss"]
[EventRounds "7"]
[EventCountry "NED"]
[Source "P.Boonen"]
[SourceDate "2013.01.01"]

1. d4 c6 2. c4 b5 3. cxb5 cxb5 4. e4 Bb7 5. Nf3 Bxe4 6. Nc3 Bb7 7. Bxb5 Nf6 8.
Bg5 Qa5 9. O-O Ne4 10. Nxe4 Qxb5 11. Nd6+ 1-0

[Event "ENCI Limburg-open A"]
[Site "Maastricht"]
[Date "2012.05.27"]
[Round "5"]
[White "De Moor, Eric"]
[Black "Favier, Alain"]
[Result "0-1"]
[WhiteElo "2071"]
[BlackElo "2053"]
[PlyCount "43"]
[EventDate "2012.05.25"]
[EventType "swiss"]
[EventRounds "7"]
[EventCountry "NED"]
[Source "P.Boonen"]
[SourceDate "2013.01.01"]

1. e4 c5 2. Nf3 e6 3. c3 Nc6 4. d4 d5 5. exd5 exd5 6. Be3 cxd4 7. Nxd4 Bd6 8.
Bd3 Nge7 9. O-O O-O 10. Qh5 g6 11. Qh4 Nxd4 12. Qxd4 Qc7 13. f4 Bf5 14. Kh1
Rfe8 15. Qf6 Nc6 16. Bxf5 Be7 17. Qe6 fxe6 18. Bxe6+ Kg7 19. f5 Qe5 20. Bf4 Qe2
21. Nd2 g5 22. Rae1 0-1

[Event "ENCI Limburg-open A"]
[Site "Maastricht"]
[Date "2012.05.27"]
[Round "5"]
[White "Dekker, Marvin"]
[Black "Lenaerts, Lennert"]
[Result "1/2-1/2"]
[WhiteElo "2083"]
[BlackElo "2043"]
[PlyCount "110"]
[EventDate "2012.05.25"]
[EventType "swiss"]
[EventRounds "7"]
[EventCountry "NED"]
[Source "P.Boonen"]
[SourceDate "2013.01.01"]

1. Nh3 c5 2. g3 g6 3. Bg2 Bg7 4. O-O Nc6 5. c4 e6 6. Nc3 Nge7 7. d3 O-O 8. Rb1
d6 9. Bd2 h6 10. a3 a5 11. Nf4 Rb8 12. h4 f5 13. Na2 e5 14. Nd5 Be6 15. b4 axb4
16. axb4 b6 17. b5 Bxd5 18. cxd5 Na7 19. Nc3 Qd7 20. Kh2 Rfc8 21. Qb3 Rc7 22.
Qc4 Nac8 23. Ra1 Ra7 24. Ra4 Rba8 25. Rfa1 Rxa4 26. Rxa4 Rxa4 27. Qxa4 Qa7 28.
e4 Qxa4 29. Nxa4 Kf7 30. Bh3 Na7 31. Nxb6 Nxb5 32. Nc4 Ke8 33. Kg2 Kf7 34. Kf1
Kf6 35. f4 exf4 36. gxf4 Kf7 37. Bg2 Nc8 38. e5 Ke7 39. Be3 Kd7 40. Bh3 Nc3 41.
Bg2 Ne7 42. Nb6+ Kc7 43. Bd2 Nb1 44. Ba5 Nd2+ 45. Bxd2 Kxb6 46. exd6 Ng8 47. h5
gxh5 48. Bh3 Bf8 49. d7 Be7 50. Bxf5 Nf6 51. Be6 Bd8 52. Kf2 c4 53. dxc4 Kc5
54. Be3+ Kxc4 55. d6+ Kb5 {.....} 1/2-1/2

[Event "ENCI Limburg-open A"]
[Site "Maastricht"]
[Date "2012.05.27"]
[Round "5"]
[White "Driessens, Patrick"]
[Black "Jellema, Yme Jan"]
[Result "1-0"]
[WhiteElo "2328"]
[BlackElo "2202"]
[PlyCount "37"]
[EventDate "2012.05.25"]
[EventType "swiss"]
[EventRounds "7"]
[EventCountry "NED"]
[Source "P.Boonen"]
[SourceDate "2013.01.01"]

1. Nf3 d5 2. c4 c6 3. e3 Nf6 4. Nc3 g6 5. Qb3 Bg7 6. d4 O-O 7. Bd2 Ne4 8. cxd5
Nxc3 9. dxc6 Ne4 10. cxb7 Bxb7 11. Qxb7 Nxd2 12. Nxd2 Nd7 13. Bb5 Nc5 14. dxc5
Qa5 15. Qa6 Qb4 16. Qa4 Qxb2 17. Rb1 Qc3 18. Ke2 Rfd8 19. Rhd1 1-0

[Event "ENCI Limburg-open A"]
[Site "Maastricht"]
[Date "2012.05.27"]
[Round "5"]
[White "Faber, Hugo"]
[Black "Huesmann, Thomas"]
[Result "1/2-1/2"]
[WhiteElo "2061"]
[BlackElo "2230"]
[PlyCount "102"]
[EventDate "2012.05.25"]
[EventType "swiss"]
[EventRounds "7"]
[EventCountry "NED"]
[Source "P.Boonen"]
[SourceDate "2013.01.01"]

1. e4 e5 2. Nf3 Nc6 3. Bb5 a6 4. Ba4 Nf6 5. d4 exd4 6. O-O Be7 7. Re1 O-O 8. e5
Ne8 9. c3 d5 10. cxd4 Bg4 11. Nc3 Bb4 12. Re3 Ne7 13. h3 Bh5 14. Ne2 Ba5 15. g4
Bg6 16. Nf4 c6 17. h4 Qd7 18. e6 fxe6 19. Ne5 Qd6 20. Re2 Bb6 21. a3 Be4 22.
Nc4 dxc4 23. Rxe4 Nc7 24. Bc2 Ned5 25. Nh3 Ne8 26. Re5 Ndf6 27. Be3 Rd8 28. g5
Qxe5 29. dxe5 Rxd1+ 30. Rxd1 Bxe3 31. gxf6 Bh6 32. Ng5 Bxg5 33. hxg5 g6 34. Rd7
Rf7 35. Rd8 Kf8 36. Bd1 Rc7 37. Bg4 Kf7 38. Bxe6+ Kxe6 39. Rxe8+ Kf7 40. Rh8
Ke6 41. f4 Rd7 42. Re8+ Kf7 43. Rh8 Ke6 44. Kf2 Rd2+ 45. Ke3 Rxb2 46. Re8+ Kf7
47. Re7+ Kf8 48. e6 Rb1 49. Kf2 Rb2+ 50. Kf3 Rb3+ 51. Kf2 Rb2+ 1/2-1/2

[Event "ENCI Limburg-open A"]
[Site "Maastricht"]
[Date "2012.05.27"]
[Round "5"]
[White "Fier, Alexandr Hilario T"]
[Black "Ernst, Sipke"]
[Result "1/2-1/2"]
[WhiteElo "2596"]
[BlackElo "2554"]
[PlyCount "35"]
[EventDate "2012.05.25"]
[EventType "swiss"]
[EventRounds "7"]
[EventCountry "NED"]
[Source "P.Boonen"]
[SourceDate "2013.01.01"]

1. d4 d5 2. c4 c6 3. Nf3 Nf6 4. Nc3 dxc4 5. a4 e6 6. e4 Bb4 7. e5 Nd5 8. Bd2 b5
9. Ng5 Qe7 10. Be2 Bxc3 11. bxc3 Nxc3 12. Bxc3 Qxg5 13. Bb4 Bb7 14. h4 Qd8 15.
O-O Nd7 16. f4 g6 17. Bd6 Nb6 18. Bf3 1/2-1/2

[Event "ENCI Limburg-open A"]
[Site "Maastricht"]
[Date "2012.05.27"]
[Round "5"]
[White "Gajewski, Grzegorz"]
[Black "Beeke, Bobby"]
[Result "1-0"]
[WhiteElo "2622"]
[BlackElo "2231"]
[PlyCount "137"]
[EventDate "2012.05.25"]
[EventType "swiss"]
[EventRounds "7"]
[EventCountry "NED"]
[Source "P.Boonen"]
[SourceDate "2013.01.01"]

1. d4 d5 2. c4 c6 3. Nf3 Nf6 4. e3 Bg4 5. h3 Bxf3 6. Qxf3 e6 7. Bd3 Nbd7 8. Nc3
Bd6 9. cxd5 exd5 10. Bd2 O-O 11. O-O-O b5 12. Kb1 b4 13. Na4 Qa5 14. b3 c5 15.
dxc5 Nxc5 16. Nxc5 Qxc5 17. Rc1 Qb6 18. Qe2 a5 19. Bb5 Rfc8 20. f3 Rc5 21. Rxc5
Bxc5 22. Rc1 Rd8 23. Qd3 h6 24. g4 Ne8 25. Ba4 Nc7 26. e4 Ne6 27. exd5 Qd6 28.
Be1 Qxd5 29. Qxd5 Rxd5 30. Bc6 Rd6 31. Be4 g6 32. Bg3 Rd2 33. Be5 Kh7 34. Rc4
Bd4 35. Bxd4 Rxd4 36. Rxd4 Nxd4 37. Kc1 f5 38. gxf5 gxf5 39. Bb7 f4 40. Kd2 Kg6
41. Kd3 Nb5 42. Bc6 Nc3 43. a4 Kg5 44. Kc4 Kh4 45. Kc5 Kxh3 46. Kb6 Kg3 47.
Kxa5 h5 48. Kxb4 h4 49. a5 h3 50. a6 h2 51. a7 h1=Q 52. a8=Q Ne2 53. Qg8+ Kf2
54. Qc4 Qe1+ 55. Kb5 Qd2 56. Qc5+ Qd4 57. b4 Kg3 58. Kb6 Qd8+ 59. Kb7 Nd4 60.
b5 Nb3 61. Qg1+ Kh3 62. Qg4+ Kh2 63. Qxf4+ Kh1 64. Qh6+ Kg1 65. Qe3+ Kh2 66.
Qxb3 Qe7+ 67. Ka6 Qd6 68. f4 Qd2 69. Qd5 1-0

[Event "ENCI Limburg-open A"]
[Site "Maastricht"]
[Date "2012.05.27"]
[Round "5"]
[White "Gengler, Pierre"]
[Black "Rietveld, Leo"]
[Result "1/2-1/2"]
[WhiteElo "2153"]
[BlackElo "2041"]
[PlyCount "136"]
[EventDate "2012.05.25"]
[EventType "swiss"]
[EventRounds "7"]
[EventCountry "NED"]
[Source "P.Boonen"]
[SourceDate "2013.01.01"]

1. e4 d5 2. exd5 Nf6 3. Nc3 c6 4. dxc6 Nxc6 5. Bc4 e5 6. d3 Bc5 7. Nge2 a6 8.
O-O h6 9. Ne4 Nxe4 10. dxe4 Qe7 11. Ng3 g6 12. c3 Bd7 13. b4 Ba7 14. Re1 Rd8
15. Be3 Bxe3 16. Rxe3 O-O 17. Qb3 Kh7 18. Rd3 Bc8 19. Rad1 Rxd3 20. Rxd3 f5 21.
Qd1 f4 22. Nf1 g5 23. h3 Qg7 24. Nh2 Ne7 25. Rd8 Rxd8 26. Qxd8 h5 27. Qe8 Kh6
28. f3 Qf6 29. Qd8 Qg7 30. Qd6+ Kh7 31. a4 Ng6 32. Be6 Bxe6 33. Qxe6 Qc7 34.
Qb3 Qb6+ 35. Kf1 Qe3 36. Qc2 Ne7 37. b5 axb5 38. axb5 b6 39. c4 Nc8 40. Qd1 Kh6
41. Qe1 Qc5 42. h4 Nd6 43. hxg5+ Kxg5 44. g4 Qxc4+ 45. Kg2 hxg4 46. Nxg4 Nxe4
47. Kh3 Ng3 48. Qxe5+ Kg6 49. Qf6+ Kh7 50. Ne5 Qc8+ 51. Kh4 Nf5+ 52. Kg5 Ng7
53. Nc6 Ne6+ 54. Kh4 Qg8 55. Qe7+ Kh6 56. Qf6+ Kh7 57. Qf5+ Kh8 58. Qh5+ Qh7
59. Qxh7+ Kxh7 60. Kg4 Kg6 61. Ne7+ Kf7 62. Nd5 Nd4 63. Nc3 Ne6 64. Kf5 Nd4+
65. Kxf4 Ke6 66. Ke4 Nf5 67. Kf4 Nd6 68. Kg4 Ke5 1/2-1/2

[Event "ENCI Limburg-open A"]
[Site "Maastricht"]
[Date "2012.05.27"]
[Round "5"]
[White "Goudriaan, Etienne"]
[Black "Braun, Christian1"]
[Result "1/2-1/2"]
[WhiteElo "2321"]
[BlackElo "2384"]
[PlyCount "90"]
[EventDate "2012.05.25"]
[EventType "swiss"]
[EventRounds "7"]
[EventCountry "NED"]
[Source "P.Boonen"]
[SourceDate "2013.01.01"]

1. d4 Nf6 2. c4 g6 3. Nc3 Bg7 4. g3 O-O 5. Bg2 d6 6. Nf3 c6 7. O-O Qa5 8. e4
Be6 9. d5 Bg4 10. Rb1 Qa6 11. b3 Nxd5 12. Nxd5 cxd5 13. Qxd5 Qxa2 14. Qxb7 Nc6
15. Be3 Rfc8 16. Qb5 Rab8 17. Qa4 Qxa4 18. bxa4 Bxf3 19. Bxf3 Bd4 20. Bg4 Rd8
21. Bf4 a6 22. Rfd1 Bc5 23. Kg2 h5 24. Be2 e5 25. Be3 Rxb1 26. Rxb1 Rb8 27.
Rxb8+ Nxb8 28. Bg5 Nd7 29. Bd8 Kf8 30. g4 Ke8 31. Bc7 Nf6 32. gxh5 gxh5 33. f3
Kd7 34. Ba5 Kc6 35. Kg3 Nd7 36. Kh4 Bg1 37. h3 Nc5 38. Kxh5 Nxa4 39. Kg5 Nc5
40. Kf6 Ne6 41. h4 Nf4 42. Bf1 Bf2 43. Kxf7 Bxh4 44. c5 Kxc5 45. Bxa6 d5
1/2-1/2

[Event "ENCI Limburg-open A"]
[Site "Maastricht"]
[Date "2012.05.27"]
[Round "5"]
[White "Heinichen, Nils"]
[Black "Henrichs, Wenke"]
[Result "1-0"]
[WhiteElo "2054"]
[BlackElo "2092"]
[PlyCount "97"]
[EventDate "2012.05.25"]
[EventType "swiss"]
[EventRounds "7"]
[EventCountry "NED"]
[Source "P.Boonen"]
[SourceDate "2013.01.01"]

1. d4 Nf6 2. c4 g6 3. Nc3 Bg7 4. e4 d6 5. f3 O-O 6. Be3 Nc6 7. Qd2 a6 8. Nge2
Rb8 9. Nc1 e5 10. d5 Nd4 11. Nb3 c5 12. dxc6 Nxb3 13. axb3 bxc6 14. Ra3 Qe7 15.
Be2 Rd8 16. O-O Bb7 17. Ba7 Ra8 18. Bb6 Re8 19. Rd1 Bf8 20. b4 Qe6 21. Bc7 c5
22. b5 Rec8 23. Ba5 axb5 24. Nxb5 Ne8 25. b4 h5 26. Rda1 Bc6 27. Nc3 cxb4 28.
Bxb4 Rxa3 29. Rxa3 Qd7 30. Qa2 Qb7 31. Rb3 Ra8 32. Qb1 Qa7+ 33. Kf1 Qa1 34. Nb5
Kg7 35. Kf2 Qxb1 36. Rxb1 Kf6 37. g3 Ra2 38. Rd1 Ke6 39. Kf1 Be7 40. Nc3 Rb2
41. Ba5 f5 42. exf5+ gxf5 43. Nd5 Bf8 44. Bd8 Bg7 45. Bg5 Nf6 46. Nxf6 Ba4 47.
Ra1 Bxf6 48. Bxf6 Bb3 49. Bg5 1-0

[Event "ENCI Limburg-open A"]
[Site "Maastricht"]
[Date "2012.05.27"]
[Round "5"]
[White "Heinis, Vincent"]
[Black "Lenhardt, Manfred"]
[Result "0-1"]
[WhiteElo "2141"]
[BlackElo "2127"]
[PlyCount "58"]
[EventDate "2012.05.25"]
[EventType "swiss"]
[EventRounds "7"]
[EventCountry "NED"]
[Source "P.Boonen"]
[SourceDate "2013.01.01"]

1. Nf3 d5 2. c4 e6 3. g3 Nf6 4. Bg2 c5 5. cxd5 Nxd5 6. O-O Be7 7. d4 O-O 8.
dxc5 Bxc5 9. a3 a5 10. b3 h6 11. Bb2 Nc6 12. Nbd2 Qe7 13. e4 Nc7 14. e5 Rd8 15.
Qc2 Nb5 16. Ne4 Bxa3 17. Nf6+ gxf6 18. Rxa3 Nxa3 19. Qc1 Nb5 20. exf6 Qf8 21.
Re1 Nbd4 22. Ne5 Nxe5 23. Rxe5 Nf5 24. g4 Nh4 25. Rh5 Nxg2 26. Kxg2 Qb4 27. h3
Qd2 28. Qb1 Rd5 29. Bc1 Qd3 0-1

[Event "ENCI Limburg-open A"]
[Site "Maastricht"]
[Date "2012.05.27"]
[Round "5"]
[White "Henrichs, Thomas"]
[Black "Ducarmon, Quinten"]
[Result "1-0"]
[WhiteElo "2483"]
[BlackElo "2368"]
[PlyCount "73"]
[EventDate "2012.05.25"]
[EventType "swiss"]
[EventRounds "7"]
[EventCountry "NED"]
[Source "P.Boonen"]
[SourceDate "2013.01.01"]

1. d4 d5 2. c4 c6 3. Nf3 Nf6 4. e3 Bf5 5. Nc3 e6 6. Nh4 Be4 7. f3 Bg6 8. Qb3
Qc7 9. Bd2 Be7 10. Rc1 Nbd7 11. cxd5 exd5 12. g3 Qb6 13. Qxb6 axb6 14. Nxg6
hxg6 15. a4 Bb4 16. b3 Nf8 17. Bd3 Ne6 18. Rc2 O-O 19. Kf2 c5 20. Nb5 Bxd2 21.
Rxd2 cxd4 22. exd4 Rfc8 23. Re1 Rc6 24. Rde2 Re8 25. Re5 Kf8 26. h4 Nc7 27. g4
Nxb5 28. Bxb5 Rc2+ 29. Kf1 Rxe5 30. Rxe5 Kg8 31. Re7 Rc3 32. Ke2 Rxb3 33. Rxb7
Rb2+ 34. Ke3 Rb3+ 35. Kf4 Rb4 36. Ke5 Rb3 37. g5 1-0

[Event "ENCI Limburg-open A"]
[Site "Maastricht"]
[Date "2012.05.27"]
[Round "5"]
[White "Hoegener, Claude"]
[Black "Kizilkaya, Mehmet"]
[Result "1/2-1/2"]
[WhiteElo "2051"]
[BlackElo "2201"]
[PlyCount "64"]
[EventDate "2012.05.25"]
[EventType "swiss"]
[EventRounds "7"]
[EventCountry "NED"]
[Source "P.Boonen"]
[SourceDate "2013.01.01"]

1. d4 d5 2. Nf3 Nf6 3. Bg5 Bf5 4. c4 c6 5. Qb3 Qb6 6. Nbd2 e6 7. e3 Nbd7 8. c5
Qc7 9. Bf4 Qc8 10. Bd3 Bxd3 11. Qxd3 b6 12. cxb6 axb6 13. O-O c5 14. b3 Be7 15.
Rfc1 O-O 16. a4 Qb7 17. Ra2 Nh5 18. Bg5 Bxg5 19. Nxg5 Nhf6 20. Ngf3 Rfc8 21.
Rac2 h6 22. h3 Re8 23. Nb1 Ne4 24. Nc3 Nb8 25. Qb5 Nd6 26. Qe2 Na6 27. Nb5 Ne4
28. Nd2 Rad8 29. Nxe4 dxe4 30. Qh5 Rd5 31. Qg4 Rg5 32. Nd6 Qd5 1/2-1/2

[Event "ENCI Limburg-open A"]
[Site "Maastricht"]
[Date "2012.05.27"]
[Round "5"]
[White "Hovhanisian, Mher"]
[Black "Broekmeulen, Jasper"]
[Result "1/2-1/2"]
[WhiteElo "2492"]
[BlackElo "2405"]
[PlyCount "99"]
[EventDate "2012.05.25"]
[EventType "swiss"]
[EventRounds "7"]
[EventCountry "NED"]
[Source "P.Boonen"]
[SourceDate "2013.01.01"]

1. Nf3 d6 2. d4 g6 3. g3 Bg7 4. Bg2 Nd7 5. O-O e5 6. c4 Ne7 7. Nc3 O-O 8. e3 f5
9. b4 e4 10. Nd2 c5 11. Nb5 cxd4 12. Nxd4 Ne5 13. Qb3 N7c6 14. Bb2 Nxd4 15.
Bxd4 Be6 16. a4 Rc8 17. Rfd1 Nxc4 18. Nxc4 Bxc4 19. Qb2 Bf6 20. Bxf6 Qxf6 21.
Qxf6 Rxf6 22. Rac1 Be6 23. Rxc8+ Bxc8 24. f3 exf3 25. Bxf3 b6 26. a5 bxa5 27.
bxa5 Kf8 28. Rc1 Be6 29. Rc6 Bb3 30. Ra6 Rf7 31. Rxd6 Rc7 32. Rd8+ Ke7 33. Rb8
Bc4 34. Kf2 Kd6 35. h4 Kc5 36. h5 Bb5 37. hxg6 hxg6 38. Rg8 Kb4 39. Rxg6 Kxa5
40. Rg5 Rf7 41. Bd5 Rf6 42. Kf3 Kb4 43. Kf4 Bd3 44. Ke5 Rf8 45. Kd4 Bc2 46. g4
fxg4 47. Rxg4 a5 48. Rg7 a4 49. Rb7+ Ka3 50. e4 1/2-1/2

[Event "ENCI Limburg-open A"]
[Site "Maastricht"]
[Date "2012.05.27"]
[Round "5"]
[White "Jagodzinsky, Andreas"]
[Black "Swijsen, Lars"]
[Result "0-1"]
[WhiteElo "2163"]
[BlackElo "2068"]
[PlyCount "80"]
[EventDate "2012.05.25"]
[EventType "swiss"]
[EventRounds "7"]
[EventCountry "NED"]
[Source "P.Boonen"]
[SourceDate "2013.01.01"]

1. c4 g6 2. g3 Bg7 3. Bg2 Nf6 4. Nc3 O-O 5. e4 d6 6. Nge2 c5 7. d3 Nc6 8. h3 a6
9. O-O Rb8 10. a3 b5 11. cxb5 axb5 12. b4 cxb4 13. axb4 Bd7 14. Qb3 Ne8 15. Be3
Nc7 16. d4 e5 17. Rad1 Ne6 18. d5 Ned4 19. Qb1 Nxe2+ 20. Nxe2 Ne7 21. Qd3 f5
22. f3 Nc8 23. Bf2 Nb6 24. Ra1 Nc4 25. Kh2 Bh6 26. Bg1 Bd2 27. Nc3 f4 28. g4 h5
29. Ra2 Be3 30. Bxe3 Nxe3 31. Re1 hxg4 32. fxg4 Qh4 33. Rxe3 fxe3 34. Qxe3 Bxg4
35. Qg3 Qxg3+ 36. Kxg3 Rfc8 37. Ra3 Bd7 38. Bf1 Ra8 39. Rb3 Ra1 40. Bd3 Rh1 0-1

[Event "ENCI Limburg-open A"]
[Site "Maastricht"]
[Date "2012.05.27"]
[Round "5"]
[White "Kirkebo, Carl Peter"]
[Black "Mueer, Sebastian"]
[Result "1-0"]
[WhiteElo "2176"]
[BlackElo "2237"]
[PlyCount "101"]
[EventDate "2012.05.25"]
[EventType "swiss"]
[EventRounds "7"]
[EventCountry "NED"]
[Source "P.Boonen"]
[SourceDate "2013.01.01"]

1. e4 e6 2. d4 d5 3. Nd2 Nf6 4. e5 Nfd7 5. Bd3 c5 6. c3 Nc6 7. Ngf3 g6 8. O-O
Bg7 9. Re1 O-O 10. Nf1 f6 11. exf6 Qxf6 12. Be3 cxd4 13. cxd4 Kh8 14. Rc1 e5
15. dxe5 Ndxe5 16. Nxe5 Nxe5 17. Bc5 Bg4 18. Be2 Bxe2 19. Rxe2 Rfe8 20. Rd2 b6
21. Bd4 Rad8 22. Rc7 Re7 23. Rxe7 Qxe7 24. b3 Qg5 25. Ne3 Rf8 26. Kh1 Qh4 27.
Qa1 Qf4 28. h3 Kg8 29. Qd1 Rd8 30. Bb2 d4 31. Rxd4 Rxd4 32. Qxd4 Qxf2 33. Qd8+
Qf8 34. Qd5+ Nf7 35. Bxg7 Kxg7 36. Qd4+ Kg8 37. Ng4 Qd6 38. Nf6+ Kh8 39. Qc3
Qe5 40. Qc8+ Kg7 41. Ne8+ Kh6 42. Qc1+ Qg5 43. Qc7 Qf5 44. Qc1+ g5 45. Qc6+ Qg6
46. Qd7 Ne5 47. Qe7 Nc6 48. Qf8+ Kh5 49. Ng7+ Kh6 50. Nf5+ Kh5 51. g4# 1-0